Senegalese Women by the year 2015 (Record no. 2448)

MARC details
000 -LEADER
fixed length control field 003810000a22001330004500
008 - FIXED-LENGTH DATA ELEMENTS--GENERAL INFORMATION
fixed length control field 230817t ||||| |||| 00| 0 eng d
082 ## - DEWEY DECIMAL CLASSIFICATION NUMBER
Classification number 305.49
Item number SEN
942 ## - ADDED ENTRY ELEMENTS (KOHA)
Item Type Reports
700 ## - ADDED ENTRY--PERSONAL NAME
Personal name Saad, Mary
Relator Term translator
245 ## - TITLE STATEMENT
Title Senegalese Women by the year 2015
260 ## - PUBLICATION, DISTRIBUTION, ETC. (IMPRINT)
Place of Publication Dakar:
Name of Publisher Population Council,
Date of Copyright 1993
300 ## - PHYSICAL DESCRIPTION
Extent 89 p.
Physical Details Bibliography included
650 ## - SUBJECT ADDED ENTRY--TOPICAL TERM
Topical Term Women-Social conditions-Senegal
Holdings
Withdrawn status Lost status Damaged status Not for loan Permanent location Current location Date acquired Total Checkouts Full call number Barcode Date last seen Price effective from Koha item type
        Resource center, Muslim Women's Research And Action Forum Resource center, Muslim Women's Research And Action Forum 2023-08-17   305.49 SEN RAF3558 2023-08-17 2023-08-17 Reports

Copyright © 2023 Muslim Women's Research and Action Forum (MWRAF), No 27/3, Anderson Road, Kalubowila, Dehiwela. Funded by The Asia Fundation